Hoofdsteden van de wereld - Statistieken

Algemene statistieken
  • Deze quiz is 116 keer genomen
    27 sinds de laatste reset
  • De gemiddelde score is 111 van 196
Antwoordstatistieken
Land Hoofdstad % Correct
Andorra Andorra la Vella
89%
Albanie Tirana
89%
Duitsland Berlijn
83%
Hongarije Boedapest
83%
Belgie Brussel
83%
Argentinie Buenos Aires
83%
Ierland Dublin
83%
Denemarken Kopenhagen
83%
Canada Ottawa
83%
IJsland Reykjavík
83%
Italie Rome
83%
Bulgarije Sofia
83%
Oostenrijk Wenen
83%
Nederland Amsterdam
78%
Irak Bagdad
78%
Brazilie Brasília
78%
Egypte Cairo
78%
Australie Canberra
78%
Cuba Havana
78%
Afghanistan Kaboel
78%
Oekraine Kiev
78%
Portugal Lissabon
78%
Verenigd Koninkrijk Londen
78%
Spanje Madrid
78%
Rusland Moskou
78%
India New Delhi
78%
Noorwegen Oslo
78%
Frankrijk Parijs
78%
Tsjechie Praag
78%
Letland Riga
78%
San Marino San Marino
78%
Iran Teheran
78%
Japan Tokio
78%
Vaticaanstad Vaticaanstad
78%
Kroatie Zagreb
78%
Algerije Algiers
72%
Griekenland Athene
72%
China Beijing
72%
Zwitserland Bern
72%
Roemenie Boekarest
72%
Colombia Bogotá
72%
Bangladesh Dhaka
72%
Finland Helsinki
72%
Armenie Jerevan
72%
Peru Lima
72%
Slovenie Ljubljana
72%
Luxemburg Luxemburg
72%
Filippijnen Manila
72%
Mexico Mexico Stad
72%
Monaco Monaco
72%
Panama Panama Stad
72%
Ecuador Quito
72%
El Salvador San Salvador
72%
Bosnie en Herzegovina Sarajevo
72%
Zweden Stockholm
72%
Estland Tallinn
72%
Georgie Tbilisi
72%
Liechtenstein Vaduz
72%
Polen Warschau
72%
Verenigde Staten Washington D.C.
72%
Turkije Ankara
67%
Azerbeidzjan Bakoe
67%
Slovakije Bratislava
67%
Republiek Congo Brazzaville
67%
Venezuela Caracas
67%
Moldavie Chișinău
67%
Djibouti Djibouti
67%
Guatemala Guatemala Stad
67%
Democratische Republiek Congo Kinshasa
67%
Koeweit Koeweit Stad
67%
Bolivie La Paz / Sucre
67%
Cambodja Phnom Penh
67%
Haiti Port-au-Prince
67%
Zuid-Afrika Pretoria / Kaapstad / Bloemfontein
67%
Kosovo Pristina
67%
Marokko Rabat
67%
Dominicaanse Republiek Santo Domingo
67%
Singapore Singapore
67%
Noord-Macedonie Skopje
67%
Malta Valletta
67%
Litouwen Vilnius
67%
Nieuw-Zeeland Wellington
67%
Ghana Accra
61%
Syrie Damascus
61%
Guyana Georgetown
61%
Nepal Kathmandu
61%
Jamaica Kingston
61%
Sint Vincent en de Grenadines Kingstown
61%
Wit-Rusland Minsk
61%
Uruguay Montevideo
61%
Kenia Nairobi
61%
Bahamas Nassau
61%
Cyprus Nicosia
61%
Kazachstan Nur-Sultan
61%
Costa Rica San José
61%
Chili Santiago
61%
Fiji Suva
61%
Libie Tripoli
61%
Jordanie Amman
56%
Madagascar Antananarivo
56%
Paraguay Asunción
56%
Thailand Bangkok
56%
Senegal Dakar
56%
Qatar Doha
56%
Vietnam Hanoi
56%
Pakistan Islamabad
56%
Maleisie Kuala Lumpur
56%
Nicaragua Managua
56%
Myanmar Naypyidaw
56%
Suriname Paramaribo
56%
Montenegro Podgorica
56%
Noord-Korea Pyongyang
56%
Zuid-Korea Seoul
56%
Taiwan Taipei
56%
Honduras Tegucigalpa
56%
Tunisie Tunis
56%
Mongolie Ulaanbaatar
56%
Namibie Windhoek
56%
Verenigde Arabische Emiraten Abu Dhabi
50%
Nigeria Abuja
50%
Belize Belmopan
50%
Barbados Bridgetown
50%
Sierra Leone Freetown
50%
Israel Jerusalem
50%
Rwanda Kigali
50%
Gabon Libreville
50%
Angola Luanda
50%
Maldiven Malé
50%
Bahrain Manama
50%
Burkina Faso Ouagadougou
50%
Benin Porto-Novo / Cotonou
50%
Grenada Saint George's
50%
Antigua and Barbuda Saint John's
50%
Guinea-Bissau Bissau
44%
Oost-Timor Dili
44%
Salomonseilanden Honiara
44%
Somalie Mogadishu
44%
Papua Nieuw Guinea Port Moresby
44%
Kaap Verdie Praia
44%
Dominica Roseau
44%
Jemen Sana'a
44%
São Tomé en Príncipe São Tomé
44%
Bhutan Thimphu
44%
Samoa Apia
39%
Eritrea Asmara
39%
Centraal Afrikaanse Republiek Bangui
39%
Gambia Banjul
39%
Sint Kitts en Nevis Basseterre
39%
Sint Lucia Castries
39%
Guinea Conakry
39%
Tanzania Dodoma
39%
Tuvalu Funafuti
39%
Botswana Gaborone
39%
Zimbabwe Harare
39%
Malawi Lilongwe
39%
Mozambique Maputo
39%
Eswatini Mbabane
39%
Liberie Monrovia
39%
Comoros Moroni
39%
Palau Ngerulmud
39%
Mauritanie Nouakchott
39%
Federale Staten van Micronesie Palikir
39%
Trinidad en Tobago Port-of-Spain
39%
Sri Lanka Sri Jayawardenepura Kotte
39%
Seychellen Victoria
39%
Nauru Yaren
39%
Kiribati Zuid-Tarawa
39%
Mali Bamako
33%
Brunei Bandar Seri Begawan
33%
Servie Belgrade
33%
Oeganda Kampala
33%
Togo Lomé
33%
Zambia Lusaka
33%
Lesotho Maseru
33%
Tsjaad N'Djamena
33%
Niger Niamey
33%
Mauritius Port Louis
33%
Vanuatu Port Vila
33%
Laos Vientiane
33%
Ivoorkust Yamoussoukro
33%
Libanon Beirut
28%
Burundi Gitega
28%
Marshalleilanden Majuro
28%
Equatoriaal Guinea Malabo
28%
Tonga Nukuʻalofa
28%
Ethiopie Addis Ababa
22%
Kirgizstan Bishkek
22%
Zuid-Soedan Juba
22%
Soedan Khartoum
22%
Oman Muscat
22%
Saudie-Arabie Riyadh
22%
Oezbekistan Tashkent
22%
Tadzjikistan Dushanbe
11%
Turkmenistan Ashgabat
6%
Kameroen Jaoundé
6%
Indonesie Nusantara
6%
Geen overeenkomende quizzen gevonden
Scoreverdeling
Procent van Mensen met Elke Score
Percentiel versus Aantal Correcte Antwoorden
Uw Scoregeschiedenis
U heeft deze quiz nog niet genomen sinds de laatste reset